000 00554nmm a2200193Ia 4500
008 251105s9999||||xx |||||||||||||||||und||
020 _a9788498958430
041 _aspa
100 _aMargarit, Joan
245 0 _aSe pierde la señal. Bilingüe :
_b Es perd el senyal
264 _a[Madrid, España] :
_bVisor Libros,
_c2013
300 _a170 páginas
490 _aVisor de Poesía
650 _aSpanish poetry
700 _aMargarit, Joan
700 1 _a Margarit, Joan
856 _uhttps://public.digitaliapublishing.com/a/41522
942 _cCF
999 _c68308
_d68308